01233 2200253 4500001002100000005001500021008004100036020001800077035002000095082000800115084001400123100001700137245006000154260003400214300002300248520062400271600001400895650001500909990001100924990001100935990001100946990001100957990001100968INLIS00000000000223220220523012758220523 0 ind  a979-413-509-9 a0010-0621001832 a720 a720 FRI r1 aFrick, Heinz1 aRumah Sederhana :bKebijakan Perencanaan Dan Konstruksi aYogyakarta :bKanisius,c1984 a190 hlm. ;c21 cm. aRumah Sederhana Dalam buku ini masalah sekitar dasar perencanaan proyek perumahan sederhana hanya disoroti secara teoritis. Dengan contoh-contoh diusahakan dapat ditemukan hubungan dengan kenyataan, meskipun usaha pemecahan masalah secara praktis baru mungkin terjadi dalam lingkungan yang real. Arsitek maupun perencana dapat mewujudkan hubungan yang dilihatnya antara sesuatu kelompok manusia dengan lingkungannya dalam bentuk bangunan. Maka buku ini dimaksudkan untuk menunjukkan bahwa pandangan baru lebih memungkinkan perumusan tertentu secara baru daripada yang dapat dicapai oleh disiplin kaku yaitu arsitekstur. 4aPerumahan 4aArsitektur a030048 a030049 a030050 a030051 a030052